Connais-tu Playboi Carti ? - Statistiques

Statistiques générales
  • Ce quiz a été pris 339 fois
  • Le résultat moyen est 19 sur 27
Statistiques - réponses
Question Réponse % Correct
Quel est le prénom de playboi carti Jordan Terrell Carter
98%
Avec qui a-t-il eu ses enfants ? Iggy Azalea
96%
Combien d'enfants a-t-il ? 2
94%
Comment son label de musique s'appelle-t-il ? OPIUM
94%
Pour quelle créature mythique Playboi Carti se fait-il passer ? Un vampire
88%
Quel est le son dont Carti fait parti où le refrain est GOGOGOGOGOGOGOGOGOGOGOGOGOGOGOGOGOGO ? Carnival
84%
Comment s'appellent t-ils ? Onyx et Yves
84%
FE!N FE!N FE!N FE!N FE!N FE!N FE!N FE!N FE!N FE!N FE!N FE!N FE!N FE!N
83%
Quel est le deuxième son de l'album Whole Lotta Red ? Go2DaMoon
81%
Quel symbole ou mot Carti fait-il avec ses doigts ? Il forme un YVL avec ses doigts
81%
Quand publie-t-il "Whole Lotta Red" Le 25 décembre 2020
81%
Quel était son nom de scène avant celui actuellement utilisé ? Sir Cartier
78%
Ca vient d'où ? Atlanta
75%
Quel est son son le plus stream ? FE!N
70%
Quel est son son solo le plus stream ? Magnolia
70%
Quel album Carti devait-t-il drop en 2022 ? Narcissist
70%
Ride 'round town with the Draco bih ......... D-R-A-C-O
62%
Combien de morceau(x) est/sont sortis officiellement sur les plateformes de streaming pour promouvoir "I AM MUSIC" (pas de feat) ? 1
58%
Combien y-a-t-il de feats sur Whole Lotta Red ? 3
56%
Quand publie-t-il "Die Lit" Le 11 mai 2018
55%
Quelle taille fait-il ? 1m85
52%
Dans quel XXL FRESHMAN apparait-il pour la première fois ? Celui de 2017
52%
Quand publie-t-il sa mixtape "Playboi Carti" Le 14 avril 2017
46%
Qui est Ojivolta ? Un guitariste et un producteur
46%
De quel problème de santé est-il atteint ? Il est asthmatique
42%
En quelle année crée-t-il son label de musique ? 2019
35%
Combien de morceau(x) est/sont sortis (pas que sur les plateformes de streaming) pour promouvoir "I AM MUSIC" ( pas de feat ) ? 7
20%
Aucun quiz correspondant
Distribution des résultats
% des personnes avec chaque résultat
Percentile par nombre de réponses
Votre historique - résultats
Vous n’avez pas pris ce quiz